00309nam a2200121Ia 4500003000400000008004100004040001600045082001900061245003000080260006100110300001100171490000500182GCL140319s9999 xx 000 0 ara d aGCL / cGCL04a322.155bر ص10aصناعة التبعية a[S.N] : bدار المستقبل العربى ، c1987 a254 ص a